[Event "Quebec Capablanca"]
[Site "Quebec"]
[Date "2017.12.04"]
[Round "1"]
[White "Flor, Gerson"]
[Black "Tremblay Alix, Eric"]
[Result "0-1"]
[WhiteElo "1408"]
[BlackElo "1851"]
[PlyCount "86"]
[EventDate "2017.12.04"]
[EventType "swiss"]
[EventRounds "5"]
[EventCountry "CAN"]
[SourceTitle "EXT 2022"]
[Source "ChessBase"]
[SourceDate "2021.10.06"]
[SourceVersion "1"]
[SourceVersionDate "2021.10.06"]
[SourceQuality "1"]

1. e4 e5 2. Nf3 Nf6 3. Nxe5 d6 4. Nf3 Nxe4 5. d4 d5 6. Bd3 Bd6 7. 0-0 0-0 8. Nc3 f5 9. Nxd5 Bxh2+ 10. Nxh2 Qxd5 11. c3 Be6 12. Bf4 c5 13. Nf3 c4 14. Bc2 Nd7 15. Re1 Rae8 16. a4 h6 17. Ne5 Ndf6 18. Ng6 Rf7 19. a5 Kh7 20. Ne5 Rfe7 21. Ba4 Nd7 22. Qh5 Nxe5 23. Bxe8 Nd3 24. Bg6+ Kg8 25. Be5 Nxe1 26. Rxe1 Qd7 27. g4 Ng5 28. f4 Nf3+ 29. Kf2 Nxe1 30. Kxe1 Qa4 31. gxf5 Qa1+ 32. Qd1 Qxb2 33. fxe6 Qxc3+ 34. Qd2 Qg3+ 35. Ke2 Qxg6 36. d5 Qe4+ 37. Qe3 Qxd5 38. f5 b5 39. axb6 axb6 40. Qg3 Ra7 41. Qe3 Ra2+ 42. Kf1 Qh1+ 43. Qg1 Qf3+ 0-1

[Event "Quebec Millenium"]
[Site "Quebec"]
[Date "2016.11.28"]
[Round "5"]
[White "Lapointe, Daniel"]
[Black "Tremblay Alix, Eric"]
[Result "0-1"]
[WhiteElo "1616"]
[BlackElo "1818"]
[PlyCount "54"]
[EventDate "2016.10.31"]
[EventType "swiss"]
[EventRounds "5"]
[EventCountry "CAN"]
[SourceTitle "EXT 2022"]
[Source "ChessBase"]
[SourceDate "2021.10.06"]
[SourceVersion "1"]
[SourceVersionDate "2021.10.06"]
[SourceQuality "1"]

1. d4 d6 2. c4 Nf6 3. Nc3 g6 4. e4 Bg7 5. Be2 0-0 6. Be3 b6 7. f4 Bb7 8. Bf3 e5 9. dxe5 dxe5 10. f5 Nc6 11. Nge2 Qc8 12. fxg6 hxg6 13. a3 Ng4 14. Bxg4 Qxg4 15. 0-0 Na5 16. Qc2 Nxc4 17. Bf2 Rad8 18. Rad1 Bh6 19. Nd5 Bxd5 20. Rxd5 Rxd5 21. exd5 Nd2 22. Nc3 Nxf1 23. Kxf1 Rd8 24. Ne4 Kg7 25. h3 Qf4 26. Kg1 Rxd5 27. Nc3 Rd2 0-1

[Event "Quebec Keres"]
[Site "Quebec"]
[Date "2016.05.23"]
[Round "4"]
[White "Tremblay Alix, Eric"]
[Black "Lapointe, Daniel"]
[Result "1-0"]
[WhiteElo "1816"]
[BlackElo "1602"]
[PlyCount "47"]
[EventDate "2016.05.02"]
[EventType "swiss"]
[EventRounds "5"]
[EventCountry "CAN"]
[SourceTitle "EXT 2022"]
[Source "ChessBase"]
[SourceDate "2021.10.06"]
[SourceVersion "1"]
[SourceVersionDate "2021.10.06"]
[SourceQuality "1"]

1. Nf3 Nf6 2. c4 c5 3. g3 g6 4. Bg2 Bg7 5. d3 Nc6 6. 0-0 0-0 7. Nc3 d6 8. Bg5 Bd7 9. Qd2 Re8 10. Rad1 Qc8 11. d4 Bh3 12. dxc5 Bxg2 13. Kxg2 dxc5 14. Bxf6 Bxf6 15. Nd5 Bg7 16. Qf4 Bxb2 17. Ng5 Rf8 18. Qh4 h5 19. Ne4 Qf5 20. f3 b6 21. g4 Qe5 22. Rd2 Ba3 23. gxh5 Qxh5 24. Nef6+ 1-0

[Event "Quebec Zukertort"]
[Site "Quebec"]
[Date "2016.03.14"]
[Round "5"]
[White "Tremblay Alix, Eric"]
[Black "Fecteau, Martin"]
[Result "1-0"]
[WhiteElo "1771"]
[BlackElo "2006"]
[PlyCount "41"]
[EventDate "2016.02.15"]
[EventType "swiss"]
[EventRounds "5"]
[EventCountry "CAN"]
[SourceTitle "EXT 2022"]
[Source "ChessBase"]
[SourceDate "2021.10.06"]
[SourceVersion "1"]
[SourceVersionDate "2021.10.06"]
[SourceQuality "1"]

1. Nf3 d5 2. c4 e6 3. g3 Nf6 4. Bg2 c5 5. 0-0 Nc6 6. cxd5 exd5 7. d4 cxd4 8. Nxd4 Be7 9. Nc3 0-0 10. Bf4 a6 11. Rc1 Be6 12. Na4 Nxd4 13. Qxd4 Rc8 14. Rxc8 Bxc8 15. Nb6 Be6 16. Rc1 Bd6 17. Bxd6 Qxd6 18. e4 Nd7 19. Nc8 Qb8 20. Ne7+ Kh8 21. exd5 1-0

[Event "Millenium"]
[Site "Charlesbourg"]
[Date "2015.10.26"]
[Round "4"]
[White "Beauchesne, Jonathan"]
[Black "Tremblay Alix, Eric"]
[Result "0-1"]
[WhiteElo "1758"]
[BlackElo "1723"]
[PlyCount "92"]
[EventDate "2015.10.05"]
[EventType "swiss"]
[EventRounds "5"]
[EventCountry "CAN"]
[SourceTitle "EXT 2019"]
[Source "ChessBase"]
[SourceDate "2018.10.10"]
[SourceVersion "1"]
[SourceVersionDate "2018.10.10"]
[SourceQuality "1"]

1. e4 Nf6 2. e5 Nd5 3. d4 d6 4. c4 Nb6 5. exd6 cxd6 6. Nc3 Nc6 7. Be3 Bf5 8. Nf3 g6 9. Nh4 Bd7 10. Nf3 Bg7 11. Be2 Bg4 12. b3 0-0 13. 0-0 f5 14. Ng5 Bxe2 15. Nxe2 Qd7 16. Nf4 e5 17. Nfe6 Rfe8 18. Nxg7 Qxg7 19. d5 Nd8 20. Qc1 Nd7 21. Qa3 Qe7 22. Rfe1 b6 23. Bd2 Qf6 24. Rad1 h6 25. Nh3 Nf7 26. Qc1 g5 27. Kh1 g4 28. Ng1 Qh4 29. Rf1 Nf6 30. f3 Kg7 31. Qc3 Ng5 32. Bxg5 hxg5 33. Qe1 Rh8 34. Qxh4 Rxh4 35. Rd2 g3 36. h3 Rah8 37. b4 Rxc4 38. Rb1 e4 39. fxe4 Nxe4 40. Re2 Rhc8 41. Nf3 Nf2+ 42. Kg1 Nd3 43. Rd1 Rc1 44. Red2 Nf2 45. Re1 g4 46. hxg4 fxg4 0-1

[Event "Millenium"]
[Site "Charlesbourg"]
[Date "2015.10.19"]
[Round "3"]
[White "Tremblay Alix, Eric"]
[Black "Dube, Daniel"]
[Result "1/2-1/2"]
[WhiteElo "1723"]
[BlackElo "1943"]
[PlyCount "111"]
[EventDate "2015.10.05"]
[EventType "swiss"]
[EventRounds "5"]
[EventCountry "CAN"]
[SourceTitle "EXT 2019"]
[Source "ChessBase"]
[SourceDate "2018.10.10"]
[SourceVersion "1"]
[SourceVersionDate "2018.10.10"]
[SourceQuality "1"]

1. e4 e6 2. d4 d5 3. Nd2 Be7 4. e5 c5 5. c3 Nc6 6. Ngf3 cxd4 7. cxd4 Qb6 8. Nb3 a5 9. Qd3 a4 10. Nbd2 Bd7 11. a3 Nh6 12. b4 axb3 13. Qxb3 Qxb3 14. Nxb3 Nb4 15. axb4 Bxb4+ 16. Bd2 Bxd2+ 17. Nfxd2 Rxa1+ 18. Nxa1 Ke7 19. Bd3 f6 20. 0-0 Ra8 21. Nab3 fxe5 22. dxe5 g5 23. Nc5 Bc6 24. Rb1 Nf7 25. Nf3 g4 26. Nd4 Nxe5 27. Nxc6+ bxc6 28. Bxh7 Kd6 29. Nd3 Nxd3 30. Bxd3 e5 31. Bf5 Ra4 32. g3 e4 33. Bxg4 d4 34. Bd1 Ra2 35. Kf1 d3 36. Rb4 Ke5 37. h4 c5 38. Rb1 c4 39. Rc1 Kd4 40. Bh5 c3 41. Bd1 c2 42. Bxc2 dxc2 43. Ke2 Kc3 44. h5 Ra5 45. g4 Kb2 46. Rxc2+ Kxc2 47. Ke3 Rg5 48. f3 exf3 49. Kxf3 Kd3 50. Kf4 Rg8 51. h6 Rf8+ 52. Kg5 Ke4 53. h7 Ke5 54. Kg6 Kf4 55. g5 Rh8 56. Kg7 1/2-1/2

[Event "McGill op U2000"]
[Site "Montreal"]
[Date "2015.05.02"]
[Round "2"]
[White "Hollander, Michael"]
[Black "Tremblay Alix, Eric"]
[Result "0-1"]
[WhiteElo "1615"]
[BlackElo "1800"]
[PlyCount "32"]
[EventDate "2015.05.01"]
[EventType "swiss"]
[EventRounds "5"]
[EventCountry "CAN"]
[SourceTitle "EXT 2019"]
[Source "ChessBase"]
[SourceDate "2018.10.10"]
[SourceVersion "1"]
[SourceVersionDate "2018.10.10"]
[SourceQuality "1"]

1. d4 e6 2. c4 Nf6 3. Nf3 b6 4. g3 Bb7 5. Bg2 c5 6. 0-0 cxd4 7. Nxd4 Bxg2 8. Kxg2 Qc7 9. Nc3 Qxc4 10. Bf4 Nd5 11. Bxb8 Nxc3 12. Qb3 Qxd4 13. bxc3 Qe4+ 14. f3 Qxe2+ 15. Rf2 Qa6 16. Bf4 Bc5 0-1

[Event "Charlesbourg Khalif"]
[Site "Charlesbourg"]
[Date "2015.04.27"]
[Round "5"]
[White "Tremblay Alix, Eric"]
[Black "Leblanc Legault, Mathieu"]
[Result "1-0"]
[WhiteElo "1798"]
[BlackElo "1631"]
[PlyCount "71"]
[EventDate "2015.03.30"]
[EventType "swiss"]
[EventRounds "5"]
[EventCountry "CAN"]
[SourceTitle "EXT 2022"]
[Source "ChessBase"]
[SourceDate "2021.10.06"]
[SourceVersion "1"]
[SourceVersionDate "2021.10.06"]
[SourceQuality "1"]

1. b3 c6 2. e4 d5 3. exd5 cxd5 4. Nf3 Nc6 5. Bb2 Bg4 6. h3 Bh5 7. Bb5 e6 8. g4 Bg6 9. Ne5 Qb6 10. Nc3 Bd6 11. Bxc6+ bxc6 12. Nxg6 hxg6 13. Na4 Qc7 14. Bxg7 Rh7 15. Bb2 f6 16. Qe2 Kf7 17. 0-0-0 Be5 18. d4 Bf4+ 19. Kb1 e5 20. Rde1 e4 21. Nc5 Bd6 22. f3 Bxc5 23. dxc5 Re8 24. fxe4 Rxe4 25. Qf3 Qf4 26. Qd3 Rxe1+ 27. Rxe1 Qf2 28. Rf1 Qxc5 29. Bxf6 Nxf6 30. g5 Kg7 31. gxf6+ Kf7 32. Qg3 Qb6 33. Qd6 Qb7 34. Re1 Qb6 35. Qe7+ Kg8 36. Qe8# 1-0

[Event "Charlesbourg Khalif"]
[Site "Charlesbourg"]
[Date "2015.04.20"]
[Round "4"]
[White "Fecteau, Martin"]
[Black "Tremblay Alix, Eric"]
[Result "1-0"]
[WhiteElo "1939"]
[BlackElo "1798"]
[PlyCount "127"]
[EventDate "2015.03.30"]
[EventType "swiss"]
[EventRounds "5"]
[EventCountry "CAN"]
[SourceTitle "EXT 2022"]
[Source "ChessBase"]
[SourceDate "2021.10.06"]
[SourceVersion "1"]
[SourceVersionDate "2021.10.06"]
[SourceQuality "1"]

1. c4 b6 2. e4 Bb7 3. Nc3 c5 4. d3 e6 5. Nf3 Nc6 6. g3 Be7 7. Bg2 Nf6 8. 0-0 0-0 9. Bf4 d5 10. e5 Ne8 11. cxd5 exd5 12. d4 Nc7 13. dxc5 bxc5 14. Re1 d4 15. Ne4 Ne6 16. Bc1 Qc7 17. Ned2 Nb4 18. Nc4 d3 19. Rf1 Rad8 20. Bd2 Ba6 21. b3 Bxc4 22. bxc4 Nc2 23. Rb1 Rb8 24. Rxb8 Rxb8 25. Bc3 Qd7 26. Qd2 Qa4 27. Qxd3 Qxa2 28. Rc1 Rb1 29. Rxb1 Qxb1+ 30. Bf1 Qb3 31. Nd2 Qa4 32. Nf3 Nb4 33. Qe4 Qc6 34. Qe2 a5 35. Bg2 Qd7 36. Qd2 Qa7 37. Bb2 Nc6 38. Ne1 Ncd4 39. Nc2 Qd7 40. Qd1 Qa4 41. Ne3 Qa2 42. Qa1 Qxa1+ 43. Bxa1 Ne2+ 44. Kf1 N6d4 45. Bb2 Bd8 46. Ba3 Bb6 47. Be4 Nc3 48. Bd3 a4 49. Nd5 Nxd5 50. cxd5 Nf3 51. e6 fxe6 52. dxe6 g6 53. Bb5 Kf8 54. Kg2 Nd4 55. Bxa4 Nxe6 56. Kf3 Ke7 57. Ke4 Kd6 58. f4 Nc7 59. g4 Nd5 60. Bb2 Bd8 61. Be5+ Ke6 62. f5+ gxf5+ 63. gxf5+ Kf7 64. Kxd5 1-0

[Event "Zukertort"]
[Site "Charlesbourg"]
[Date "2015.03.02"]
[Round "4"]
[White "Tremblay Alix, Eric"]
[Black "Dube, Daniel"]
[Result "0-1"]
[WhiteElo "1817"]
[BlackElo "1913"]
[PlyCount "73"]
[EventDate "2015.02.09"]
[EventType "swiss"]
[EventRounds "5"]
[EventCountry "CAN"]
[SourceTitle "EXT 2019"]
[Source "ChessBase"]
[SourceDate "2018.10.10"]
[SourceVersion "1"]
[SourceVersionDate "2018.10.10"]
[SourceQuality "1"]

1. g3 Nf6 2. Bg2 g6 3. b3 Bg7 4. Bb2 0-0 5. e4 d6 6. Nc3 e5 7. Qe2 Nc6 8. d3 Nd4 9. Qd1 c6 10. Nce2 Nd7 11. Nf3 Nxf3+ 12. Bxf3 f5 13. Nc3 Nf6 14. 0-0 f4 15. d4 exd4 16. Qxd4 Bh3 17. Rfd1 fxg3 18. hxg3 Nh5 19. Qc4+ Kh8 20. Bg2 Bxg2 21. Kxg2 Qg5 22. Qf1 Nxg3 23. Bc1 Nxf1+ 24. Bxg5 Bxc3 25. Rab1 Nh2 26. Kxh2 Rxf2+ 27. Kg1 Rxc2 28. Rxd6 Rf8 29. Rbd1 Ba5 30. Bh6 Re8 31. Rf1 Bb6+ 32. Kh1 Bc7 33. Rdf6 Rh2+ 34. Kg1 Rxh6 35. Rf7 Bb6+ 36. Kg2 Rh5 37. Rxb7 0-1

[Event "Zukertort"]
[Site "Charlesbourg"]
[Date "2015.02.09"]
[Round "1"]
[White "Dube, Daniel"]
[Black "Tremblay Alix, Eric"]
[Result "0-1"]
[WhiteElo "1913"]
[BlackElo "1817"]
[PlyCount "116"]
[EventDate "2015.02.09"]
[EventType "swiss"]
[EventRounds "5"]
[EventCountry "CAN"]
[SourceTitle "EXT 2019"]
[Source "ChessBase"]
[SourceDate "2018.10.10"]
[SourceVersion "1"]
[SourceVersionDate "2018.10.10"]
[SourceQuality "1"]

1. e4 e5 2. Nf3 Nf6 3. Nc3 Nc6 4. g3 Bb4 5. Bg2 d6 6. 0-0 0-0 7. d3 Bg4 8. h3 Be6 9. a3 Bxc3 10. bxc3 h6 11. Re1 Qd7 12. Kh2 Ne7 13. d4 exd4 14. cxd4 c6 15. a4 Rfd8 16. e5 dxe5 17. Bb2 e4 18. Ne5 Qc7 19. c4 Bf5 20. Qe2 Rd6 21. f3 exf3 22. Bxf3 Rad8 23. Rad1 Re8 24. Qg2 Qa5 25. Ba3 Rxd4 26. Nxc6 Nxc6 27. Rxe8+ Nxe8 28. Rxd4 Nxd4 29. Bxb7 Qxa4 30. Bc5 Qxc4 31. Bxa7 Nb5 32. Bd5 Qc2 33. Bf2 Nf6 34. Bf3 Nc3 35. g4 Be4 36. Bd4 Qxg2+ 37. Kxg2 Bxf3+ 38. Kxf3 Nfd5 39. h4 Nb5 40. Bc5 Nbc7 41. Bd6 g6 42. Ke4 Nf6+ 43. Kf3 Ne6 44. Ba3 g5 45. Bb2 Kg7 46. h5 Nc5 47. Ke3 Ncd7 48. Kd3 Kf8 49. Ba3+ Ke8 50. Bb2 Nxg4 51. Ke4 Ngf6+ 52. Kf5 Nxh5 53. Bc1 Ng7+ 54. Kg4 Nf6+ 55. Kh3 Ke7 56. Ba3+ Ke6 57. Bf8 g4+ 58. Kg2 Nf5 0-1

[Event "Capablanca"]
[Site "Charlesbourg"]
[Date "2015.01.26"]
[Round "4"]
[White "Lessard, Claude"]
[Black "Tremblay Alix, Eric"]
[Result "1-0"]
[WhiteElo "2084"]
[BlackElo "1802"]
[PlyCount "55"]
[EventDate "2015.01.05"]
[EventType "swiss"]
[EventRounds "5"]
[EventCountry "CAN"]
[SourceTitle "EXT 2019"]
[Source "ChessBase"]
[SourceDate "2018.10.10"]
[SourceVersion "1"]
[SourceVersionDate "2018.10.10"]
[SourceQuality "1"]

1. d4 e6 2. c4 Nf6 3. Nf3 b6 4. g3 Bb7 5. Bg2 c5 6. e3 Na6 7. 0-0 Qc7 8. b3 Be7 9. Nc3 Rd8 10. d5 d6 11. dxe6 fxe6 12. Bh3 Qc6 13. Bg2 Qd7 14. Qe2 0-0 15. Rd1 Qc8 16. Bb2 Ng4 17. h3 Qa8 18. hxg4 Bxf3 19. Bxf3 Rxf3 20. Nd5 Rf7 21. Nxe7+ Rxe7 22. e4 Qc6 23. e5 Nc7 24. exd6 Rxd6 25. Rxd6 Qxd6 26. Rd1 Qc6 27. Rd8+ Re8 28. Qe5 1-0

[Event "Montcalm op"]
[Site "Quebec"]
[Date "2015.01.10"]
[Round "2"]
[White "Tremblay Alix, Eric"]
[Black "Chevalier, Francois"]
[Result "0-1"]
[WhiteElo "1842"]
[BlackElo "1800"]
[PlyCount "104"]
[EventDate "2015.01.09"]
[EventType "swiss"]
[EventRounds "5"]
[EventCountry "CAN"]
[SourceTitle "EXT 2019"]
[Source "ChessBase"]
[SourceDate "2018.10.10"]
[SourceVersion "1"]
[SourceVersionDate "2018.10.10"]
[SourceQuality "1"]

1. c4 e6 2. Nc3 d5 3. cxd5 exd5 4. e3 Nf6 5. Nf3 c6 6. b3 Nbd7 7. Bb2 Bd6 8. Be2 0-0 9. 0-0 Qe7 10. d4 Re8 11. a4 Nf8 12. Qc2 Ng6 13. Rae1 Bd7 14. Bd3 Ne4 15. Ne5 Nxc3 16. Nxd7 Nxa4 17. bxa4 Qxd7 18. e4 dxe4 19. Bxe4 Qc7 20. g3 Rad8 21. Re3 Nf8 22. Rfe1 Re7 23. Qc3 f6 24. a5 a6 25. Ba3 Kh8 26. Bc5 Bxc5 27. Qxc5 Red7 28. Bf5 Rd5 29. Qc2 Qxa5 30. Bh3 Rxd4 31. Re8 Qd5 32. Bg2 Qd7 33. R8e7 Qd6 34. Qb3 Rd1 35. Qf7 Rxe1+ 36. Rxe1 Ng6 37. Qxb7 h6 38. Bxc6 Ne5 39. Be4 a5 40. Bc2 Qd2 41. Qe4 Qxe1+ 42. Qxe1 Nf3+ 43. Kf1 Nxe1 44. Kxe1 Kg8 45. h4 Kf7 46. Ke2 Ke6 47. f3 Ke5 48. Ke3 Rb8 49. Kd3 Rd8+ 50. Ke3 Rc8 51. Bd1 Rc3+ 52. Kd2 Kd4 0-1